STN EN 840-5+A1: 2001 (26 9330) [neplatná], Mobilné kontajnery na odpady Časť 5 Požiadavky na vyhotovenie a skúšobné metódy (obsahuje Zmenu A1: 2000)

Táto národná norma je identická s EN 840-5: 1997 vrátane jej zmeny A1: 2000

Bibliographic Details
Main Author: Gábriš, Jozef (Author)
Other Authors: Volčko, Vladimír (Translator)
Format: Book
Language:Slovak
English
Published: Bratislava Slovenský ústav technickej normalizácie 2001
Subjects:

MARC

LEADER 00000nam a2200000 a 4500
001 vtls010618049
003 SK-MaSNL
005 20260302050808.0
008 160429s2001 xo a f u 000 0 slo
015 |a SNBN2014 
020 |c (cen. skup. 12 ) 
040 |a SNK  |b slo  |c SNK  |e AACR2 
041 1 |a slo  |h eng 
044 |a xo  |c SK 
046 |a m  |m 20010501 (účin.)  |n [20040901 (zruš.)] 
072 7 |a 628  |x Zdravotná technika. Úprava vody. Odpadové hospodárstvo. Svetelná technika  |2 konspekt 
080 |a 628.4.04-405  |2 2001 
080 |a 006.7/.8  |2 2001 
080 |a (437.6)  |2 2001 
080 |a (4)  |2 2001 
080 |a (083)  |2 2001 
084 |a 13.030.40  |2 ICS 
130 0 |a STN 26 9330 (STN EN 840-5+A1) [neplatná]  |9 705736 
245 1 0 |a STN EN 840-5+A1: 2001 (26 9330) [neplatná], Mobilné kontajnery na odpady  |n Časť 5  |p Požiadavky na vyhotovenie a skúšobné metódy (obsahuje Zmenu A1: 2000) 
246 1 0 |a Mobilné kontajnery na odpady 
246 1 0 |a Požiadavky na vyhotovenie a skúšobné metódy (obsahuje Zmenu A1: 2000) 
246 3 0 |a EN 840-5: 1997 
246 3 0 |a EN 840-5: 1997/A1: 2000 
260 |a Bratislava  |b Slovenský ústav technickej normalizácie  |c 2001 
300 |a 24 strán  |b obrázky, tabuľky  |c 30 cm 
500 |a Súbežný názov v angličtine, francúzštine, nemčine 
500 |a Spracovateľ: JAVOS Zvolen, Vladimír Volčko ; SÚTN Jozef Gábriš 
500 |a [Norma je nahradená normou STN EN 840-5 zo septembra 2004 v celom rozsahu] 
504 |a Citované normy a súvisiace normy na strane 2 
520 8 |a Táto národná norma je identická s EN 840-5: 1997 vrátane jej zmeny A1: 2000 
540 |a STN vydané na akomkoľvek nosiči sa môžu rozmnožovať a rozširovať iba so súhlasom určenej právnickej osoby  |b SÚTN Bratislava  |c zákon 264/1999 Z. z. 
650 0 7 |a pevný odpad  |2 SNKPH  |9 99241 
650 0 7 |a technické normy a štandardy  |z krajiny Európskej únie  |2 SNKPH  |9 289341 
650 0 7 |a technické normy a štandardy  |z Slovensko  |2 SNKPH  |9 79594 
650 0 7 |a Rigid waste  |2 SNKPHeng  |9 314205 
655 7 |a normy  |2 SNKPH  |9 70643 
700 1 |a Volčko, Vladimír  |4 trl  |9 325930 
700 1 |a Gábriš, Jozef  |4 aut  |9 305448 
710 2 |a Slovenský ústav technickej normalizácie (Bratislava, Slovensko).  |b Technická normalizačná komisia č. 23 Stavebné, zemné stroje a priemyselné vozíky  |4 stn  |9 649009 
710 2 |a JAVOS (Zvolen, Slovensko)  |4 stn  |9 477281 
958 |a OP 
999 |c 1098430  |d 1100360 
952 |a SNK  |b SNK  |y PREZ  |7 0  |p 17A1115432  |o snkSTN EN 840-5+A1  |i snk2014/18222  |8 0  |0 0  |1 0  |4 0  |d 2014-09-05  |l 0  |r 2026-02-24 17:21:39  |w 2026-02-24 
952 |a SNK  |b SNK  |y PREZ  |7 0  |p 17A1115433  |o snkSTN EN 840-5+A1 D1  |i snk2014/18223  |8 0  |0 0  |1 0  |4 0  |d 2014-09-05  |l 0  |r 2026-02-24 17:21:39  |w 2026-02-24